| 000 | 00357cam a2200157ua 4500 | ||
|---|---|---|---|
| 041 |
_aeng _h |
||
| 082 |
_a828.09 _bJES/TH |
||
| 100 | _aJessop, T E . | ||
| 245 |
_aThomas Hobber / _cT E Jessop. _hTextual Documents |
||
| 250 |
_a1 / _b. |
||
| 260 |
_aLondon : _bLongman , _c1960. |
||
| 300 | _a40 ; . | ||
| 504 | _a | ||
| 942 | _cBK | ||
| 999 |
_c6846 _d6846 |
||